000 01720cam a2200397 a 4500
999 _c235058
_d235058
001 193747
003 Nust
005 20170405145835.0
008 980820r19981900ii b 001 0 eng
010 _a 98906406
020 _a8120613384
025 _aI-E-98-906406; 55-06
037 _bLibrary of Congress -- New Delhi Field Office
_cRs695.00
040 _aDLC
_cDLC
_dDLC
041 1 _aeng
_hlat
042 _alcode
043 _aa------
050 0 0 _aDS6
_b.R78413 1998
082 0 0 _a915.04/2
_221
_bRUY
100 1 _aRuysbroeck, Willem van,
_dapproximately 1210-approximately 1270.
240 1 0 _aItinerarium.
_lEnglish
245 1 4 _aThe journey of William of Rubruck to the eastern parts of the world, 1253-55 :
_bas narrated by himself with two accounts of the earlier journey of John of Pian de Carpine /
_ctranslated from the Latin and edited with an introduction notice by William Woodville Rockhill.
260 _aNew Delhi :
_bAsian Educational Services,
_c1998.
300 _alvi, 304 p. ;
_c22 cm.
500 _aReprint. Originally published: London : Hakluyt Society, 1900.
504 _aIncludes bibliographical references and index.
600 1 0 _aRuysbroeck, Willem van,
_dapproximately 1210-approximately 1270
_xTravel
_zAsia.
650 0 _aMongols
_xHistory
_yTo 1500.
651 0 _aAsia
_xDescription and travel
_vEarly works to 1800.
700 0 _aGiovanni,
_cda Pian del Carpine, Archbishop of Antivari,
_d-1252.
700 1 _aRockhill, William Woodville,
_d1854-1914.
906 _a7
_bcbc
_corigode
_d3
_encip
_f19
_gy-gencatlg
942 _2ddc
_cBK